[Event "70.Prov PD e Monselice"]
[Site "Padova ITA"]
[Date "2010.01.17"]
[Round "5.3"]
[White "Temporin, Alberto"]
[Black "Occari, Maurizio"]
[Result "0-1"]
[WhiteElo "2000"]
[BlackElo "2034"]
[Annotator "Gabriele Ballarin"]
[PlyCount "70"]
[EventDate "2010.01.15"]
[EventType "swiss"]
[EventCountry "ITA"]

1. e4 g6 2. c3 Bg7 3. d4 d6 4. Be3 Nf6 5. Bd3 c6 6. Ne2 Nbd7 7. O-O Ng4 8. Bd2 e5 9. h3 Ngf6 10. Qc1 h6 11. Na3 g5 12. Nc4 Qc7 13. Ne3 Nh5 14. Nf5 Rg8 15. Bc4 Ndf6 16. dxe5 dxe5 17. Nfg3 Nf4 18. Re1 b5 19. Bb3 Nd3 20. Qc2 Nxe1 21. Rxe1 Be6 22. c4 a6 23. Rc1 Rc8 24. a4 bxa4 25. Bxa4 a5 26. b4 axb4 27. Bxb4 Bf8 28. Bd2 Bc5 29. Ra1 Kf8 30. Bb3 Rb8 31. Nc3 Qb6 32. Ba4 Bxf2+ 33. Kh2 Qc5 34. Nh1 Bd4 35. Ne2 Bxa1 0-1

[Event "70.Prov PD e Monselice"]
[Site "Padova ITA"]
[Date "2010.01.17"]
[Round "5.4"]
[White "Fracasso Pezzolato, Michele"]
[Black "Zanirato, Stefano"]
[Result "1/2-1/2"]
[WhiteElo "1789"]
[BlackElo "1918"]
[Annotator "Gabriele Ballarin"]
[PlyCount "122"]
[EventDate "2010.01.15"]
[EventType "swiss"]
[EventCountry "ITA"]

1. e4 Nc6 2. d4 d5 3. e5 a6 4. f4 Bf5 5. Nf3 e6 6. c3 h5 7. Be3 Nh6 8. Bf2 Be7 9. Bd3 Bxd3 10. Qxd3 Nf5 11. Nbd2 Qd7 12. Nf1 h4 13. Ne3 Nxe3 14. Qxe3 Na5 15. Nd2 g6 16. O-O Qb5 17. Rab1 Rh5 18. b3 Qc6 19. c4 h3 20. g4 Rh7 21. Qf3 Bb4 22. cxd5 exd5 23. Rbc1 Qd7 24. Rc2 Bxd2 25. Rxd2 O-O-O 26. Rc2 Kb8 27. Rfc1 Nc6 28. Rc5 Qe6 29. b4 Nxb4 30. Bg3 Nc6 31. Rd1 Ne7 32. Rb1 c6 33. Qe2 Kc7 34. a4 Rb8 35. a5 Rhh8 36. Rb6 Kd7 37. Qb2 Qxg4 38. Rxb7+ Rxb7 39. Qxb7+ Ke6 40. Rxc6+ Nxc6 41. Qxc6+ Ke7 42. Qf6+ Kd7 43. Qxh8 Qd1+ 44. Kf2 Qxd4+ 45. Kf3 Qd1+ 46. Ke3 Qb3+ 47. Ke2 Qc2+ 48. Kf3 Qd1+ 49. Ke3 Qb3+ 50. Ke2 d4 51. e6+ Qxe6+ 52. Qe5 Qc4+ 53. Kf3 Qd3+ 54. Kg4 Qd1+ 55. Kxh3 Qf1+ 56. Kh4 d3 57. Qd4+ Ke8 58. Qe5+ Kf8 59. Qh8+ Ke7 60. Qe5+ Kf8 61. Qh8+ Ke7 1/2-1/2

[Event "70.Prov PD e Monselice"]
[Site "Padova ITA"]
[Date "2010.01.17"]
[Round "5.5"]
[White "Calicchia, Giovanni"]
[Black "Baybusinov, Izat"]
[Result "1-0"]
[WhiteElo "1886"]
[BlackElo "1467"]
[Annotator "Gabriele Ballarin"]
[PlyCount "80"]
[EventDate "2010.01.15"]
[EventType "swiss"]
[EventCountry "ITA"]

1. e4 e6 2. d4 d5 3. Nc3 Bb4 4. e5 c5 5. Bd2 cxd4 6. Nb5 Bc5 7. Qg4 Kf8 8. Nf3 Nc6 9. O-O-O a6 10. Nbxd4 Bxd4 11. Nxd4 Nxe5 12. Qg3 Ng6 13. h4 Nf6 14. f3 h5 15. Bd3 Ne7 16. Bg5 Qb6 17. Qe5 Nfg8 18. Be3 f6 19. Nb3 fxe5 20. Bxb6 Nf6 21. Rde1 Nc6 22. Bc7 Nd7 23. Bd6+ Ke8 24. g4 hxg4 25. Bg6+ Kd8 26. fxg4 e4 27. Ref1 Nde5 28. h5 Nxg6 29. hxg6 Rxh1 30. Rxh1 Kd7 31. Bf8 Ne5 32. Rh7 Nxg4 33. Bxg7 Kc6 34. Rh8 e3 35. Bc3 b5 36. g7 Nh6 37. Rxh6 Bd7 38. Rh8 e2 39. Rxa8 d4 40. Nxd4+ Kd5 1-0

[Event "70.Prov PD e Monselice"]
[Site "Padova ITA"]
[Date "2010.01.17"]
[Round "5.7"]
[White "Simonetto, Adriano"]
[Black "Franco, Alessandro P"]
[Result "1-0"]
[WhiteElo "1491"]
[BlackElo "1746"]
[Annotator "Gabriele Ballarin"]
[PlyCount "45"]
[EventDate "2010.01.15"]
[EventType "swiss"]
[EventCountry "ITA"]

1. d4 Nf6 2. Nc3 e6 3. e4 d5 4. Bg5 dxe4 5. Nxe4 Be7 6. Nxf6+ Bxf6 7. Bxf6 Qxf6 8. Nf3 Nc6 9. Bb5 Bd7 10. O-O O-O-O 11. c3 g5 12. Re1 h5 13. Qd2 Rdg8 14. Ne5 h4 15. Nxd7 Kxd7 16. d5 exd5 17. Qxd5+ Kc8 18. Bxc6 bxc6 19. Qc5 Kb7 20. Re4 h3 21. Rb4+ Kc8 22. Qxa7 hxg2 23. Rd1 1-0

[Event "70.ITA Provinciale VE"]
[Site "Mestre Capablanca ITA"]
[Date "2010.01.29"]
[Round "1.3"]
[White "Dei Rossi, Davide"]
[Black "Zamengo, Fulvio"]
[Result "0-1"]
[WhiteElo "1480"]
[BlackElo "1926"]
[Annotator "Gabriele Ballarin"]
[PlyCount "100"]
[EventDate "2010.01.29"]
[EventType "swiss"]
[EventRounds "5"]
[EventCountry "ITA"]

1. d4 Nf6 2. Nc3 d5 3. Nf3 Bf5 4. e3 c5 5. Bd2 Nc6 6. a3 e6 7. dxc5 Bxc5 8. Be2 h6 9. Nh4 Bh7 10. Nf3 a6 11. Bd3 Qc7 12. Bxh7 Nxh7 13. Ne2 Rd8 14. c3 e5 15. Ng3 O-O 16. Qc2 f5 17. h3 Ng5 18. Nxg5 hxg5 19. O-O-O f4 20. Nf1 b5 21. b4 Be7 22. Nh2 a5 23. Kb2 Qb6 24. Ng4 Rd7 25. Nh6+ Kh8 26. Qg6 axb4 27. cxb4 Bf6 28. Ng4 Qd8 29. Nxf6 Qxf6 30. Qxf6 gxf6 31. Rc1 Rc8 32. Rc5 Na7 33. Rhc1 Rxc5 34. bxc5 Kg7 35. Kb3 Nc6 36. a4 bxa4+ 37. Kxa4 Rb7 38. Rc2 Kf7 39. Ka3 Ke6 40. Rb2 Rxb2 41. Kxb2 fxe3 42. fxe3 d4 43. e4 Kd7 44. g4 Nd8 45. Kb3 Kc6 46. Kc4 Ne6 47. Be1 Nxc5 48. h4 gxh4 49. Bxh4 Nxe4 50. Kd3 Kd5 0-1

[Event "70.ITA Provinciale VE"]
[Site "Mestre Capablanca ITA"]
[Date "2010.01.29"]
[Round "1.7"]
[White "Bellon, Antonio"]
[Black "Franceschini, Corrado"]
[Result "0-1"]
[WhiteElo "1446"]
[BlackElo "1788"]
[Annotator "Gabriele Ballarin"]
[PlyCount "120"]
[EventDate "2010.01.29"]
[EventType "swiss"]
[EventRounds "5"]
[EventCountry "ITA"]

1. e4 c5 2. Nf3 d6 3. c3 Nf6 4. d3 Nc6 5. Be3 Ng4 6. Qd2 Nxe3 7. Qxe3 g6 8. d4 cxd4 9. cxd4 Bg7 10. h3 Qb6 11. Qd2 Nxd4 12. Nxd4 Bxd4 13. Nc3 Bd7 14. Nd5 Qxb2 15. Qxb2 Bxb2 16. Rb1 Bd4 17. Nc7+ Kd8 18. Nxa8 Kc8 19. Rc1+ Bc6 20. Bb5 Kd7 21. Bxc6+ bxc6 22. Ke2 Rxa8 23. Rc4 e5 24. Rb1 Rc8 25. Rcb4 Bb6 26. g3 Ke6 27. a4 f5 28. f3 d5 29. Ra1 fxe4 30. fxe4 Rf8 31. exd5+ cxd5 32. a5 Bd4 33. Rc1 Rf2+ 34. Kd1 Rh2 35. h4 Rg2 36. Rxd4 exd4 37. Rc7 Rxg3 38. Rxh7 Rh3 39. a6 g5 40. Rh6+ Kf5 41. hxg5 Rxh6 42. gxh6 Kg6 43. h7 Kxh7 44. Kd2 Kg6 45. Kd3 Kf6 46. Kxd4 Ke6 47. Kc5 Ke5 48. Kc6 d4 49. Kb7 d3 50. Kxa7 d2 51. Ka8 d1=Q 52. a7 Kd6 53. Kb7 Qd5+ 54. Kb8 Qb5+ 55. Ka8 Qa6 56. Kb8 Qb6+ 57. Ka8 Qc6+ 58. Kb8 Kd7 59. a8=N Qc8+ 60. Ka7 Kc6 0-1

[Event "70.ITA Provinciale VE"]
[Site "Mestre Capablanca ITA"]
[Date "2010.01.30"]
[Round "2.6"]
[White "Moretto, Gian Franco"]
[Black "Roiatti, Noris"]
[Result "0-1"]
[WhiteElo "1460"]
[BlackElo "1527"]
[Annotator "Gabriele Ballarin"]
[PlyCount "60"]
[EventDate "2010.01.29"]
[EventType "swiss"]
[EventRounds "5"]
[EventCountry "ITA"]

1. e4 e5 2. Nf3 Nf6 3. Nc3 Nc6 4. Bc4 Nxe4 5. Nxe4 d5 6. Bxd5 Qxd5 7. d3 Bg4 8. O-O Nd4 9. Ned2 O-O-O 10. c3 Nxf3+ 11. Nxf3 Bxf3 12. Qxf3 Qxf3 13. gxf3 Rxd3 14. Be3 Be7 15. Rfe1 Bf6 16. Re2 Rhd8 17. Rae1 Rd1 18. Kf1 a6 19. h3 R8d6 20. f4 e4 21. Bc5 Rxe1+ 22. Rxe1 Re6 23. Be3 Bh4 24. Bd4 g6 25. Re2 f5 26. Be5 g5 27. Kg2 gxf4 28. Bxf4 h6 29. f3 Rg6+ 30. Kh2 exf3 0-1

[Event "70.ITA Provinciale VE"]
[Site "Mestre Capablanca ITA"]
[Date "2010.01.30"]
[Round "2.8"]
[White "Greco, Alvise"]
[Black "Dei Rossi, Davide"]
[Result "0-1"]
[WhiteElo "1407"]
[BlackElo "1480"]
[Annotator "Gabriele Ballarin"]
[PlyCount "76"]
[EventDate "2010.01.29"]
[EventType "swiss"]
[EventRounds "5"]
[EventCountry "ITA"]

1. d4 d5 2. c4 c6 3. Nc3 Nf6 4. Bg5 Nbd7 5. Nf3 g6 6. cxd5 cxd5 7. e3 Bg7 8. Bd3 O-O 9. O-O b6 10. Re1 Bb7 11. Qc2 Rc8 12. Qa4 a6 13. Bxa6 Ra8 14. Ne5 Bxa6 15. Nxd7 Nxd7 16. Nxd5 f6 17. Bf4 Bb7 18. Qb5 Ra5 19. Bc7 Rxb5 20. Bxd8 Bxd5 21. Bxe7 Re8 22. Ba3 Ra5 23. Rec1 Raa8 24. Rc7 Nf8 25. Kf1 Rac8 26. Bd6 Red8 27. Rac1 Rxc7 28. Bxc7 Rc8 29. e4 Bxe4 30. Bf4 Rxc1+ 31. Bxc1 f5 32. Be3 Ne6 33. a4 Bxd4 34. Bxd4 Nxd4 35. b4 Bc2 36. a5 bxa5 37. bxa5 Bd3+ 38. Ke1 Ba6 0-1

[Event "70.ITA Provinciale VE"]
[Site "Mestre Capablanca ITA"]
[Date "2010.01.30"]
[Round "3.6"]
[White "Viviani, Bruno"]
[Black "Dei Rossi, Davide"]
[Result "1/2-1/2"]
[WhiteElo "1621"]
[BlackElo "1480"]
[Annotator "Gabriele Ballarin"]
[PlyCount "79"]
[EventDate "2010.01.29"]
[EventType "swiss"]
[EventRounds "5"]
[EventCountry "ITA"]

1. d4 d5 2. Nc3 Nf6 3. Bg5 Bf5 4. e3 Nbd7 5. Bd3 Bxd3 6. Qxd3 c6 7. e4 dxe4 8. Nxe4 e6 9. Nf3 Be7 10. Nxf6+ Nxf6 11. O-O Qb6 12. Ne5 Rd8 13. Be3 Qc7 14. Qe2 O-O 15. c3 Nd5 16. Qg4 Nxe3 17. fxe3 Bd6 18. Nf3 c5 19. Rad1 cxd4 20. exd4 Qb6 21. Rf2 Rde8 22. Ng5 h6 23. Ne4 f5 24. Qg6 fxe4 25. Rxf8+ Rxf8 26. Qxe6+ Kh8 27. Qxe4 Qxb2 28. Rf1 Rxf1+ 29. Kxf1 Qc1+ 30. Ke2 Qb2+ 31. Kf1 Qxa2 32. Qxb7 Qc4+ 33. Kf2 a5 34. Qa8+ Qg8 35. Qxa5 Qf7+ 36. Ke2 Bxh2 37. Qa8+ Qg8 38. Qe4 Qc4+ 39. Kf2 Qf7+ 40. Ke2 1/2-1/2

[Event "70.ITA Provinciale VE"]
[Site "Mestre Capablanca ITA"]
[Date "2010.01.30"]
[Round "3.9"]
[White "Moretto, Gian Franco"]
[Black "Bellon, Antonio"]
[Result "0-1"]
[WhiteElo "1460"]
[BlackElo "1443"]
[Annotator "Gabriele Ballarin"]
[PlyCount "90"]
[EventDate "2010.01.29"]
[EventType "swiss"]
[EventRounds "5"]
[EventCountry "ITA"]

1. e4 e5 2. Nf3 Nc6 3. Bb5 a6 4. Ba4 Nf6 5. O-O Bc5 6. d3 d6 7. h3 O-O 8. c3 b5 9. Bc2 d5 10. Re1 b4 11. Nbd2 Re8 12. Nb3 Ba7 13. Bg5 bxc3 14. bxc3 d4 15. cxd4 Nxd4 16. Nfxd4 Bxd4 17. Nxd4 Qxd4 18. Bxf6 gxf6 19. Qh5 Be6 20. Qh6 Qd8 21. Bb3 Bxb3 22. axb3 Qxd3 23. Qxf6 Re6 24. Qg5+ Kh8 25. Rab1 Rg8 26. Qe3 Rd6 27. Qxd3 Rxd3 28. f3 Rb8 29. Rec1 Rdxb3 30. Rxb3 Rxb3 31. Rxc7 Kg7 32. Rc6 Ra3 33. h4 Ra1+ 34. Kh2 a5 35. h5 f6 36. Ra6 a4 37. Ra7+ Kh6 38. g4 a3 39. Kg2 a2 40. Kf2 Kg5 41. Kg3 Rg1+ 42. Kf2 a1=Q 43. Rxa1 Rxa1 44. Kg3 h6 45. Kf2 Kf4 0-1

[Event "70.ITA Provinciale VE"]
[Site "Mestre Capablanca ITA"]
[Date "2010.01.31"]
[Round "4.5"]
[White "Dei Rossi, Davide"]
[Black "Cedriano, Filippo"]
[Result "0-1"]
[WhiteElo "1480"]
[BlackElo "2019"]
[Annotator "Gabriele Ballarin"]
[PlyCount "88"]
[EventDate "2010.01.29"]
[EventType "swiss"]
[EventRounds "5"]
[EventCountry "ITA"]

1. e4 c6 2. Nc3 g6 3. Bc4 Bg7 4. d4 d6 5. Nf3 Qc7 6. O-O h6 7. Bf4 Nd7 8. Ne2 e5 9. Be3 Ngf6 10. Ng3 O-O 11. Nh4 Kh7 12. Qd2 Ng4 13. c3 Qd8 14. Nf3 Qe7 15. Be2 f5 16. exf5 gxf5 17. Nxf5 Rxf5 18. Ng5+ Rxg5 19. Bxg5 Qxg5 20. Qxg5 hxg5 21. Bxg4 exd4 22. cxd4 Nf6 23. Bf3 Kg8 24. b3 g4 25. Be2 Bf5 26. g3 Re8 27. Rfe1 Kf7 28. f3 Nd5 29. Rad1 Rxe2 30. Rxe2 Nc3 31. Ree1 Nxd1 32. Rxd1 gxf3 33. d5 c5 34. Kf2 Bg4 35. h3 Bxh3 36. Kxf3 Bd7 37. Rc1 b5 38. Rg1 c4 39. bxc4 bxc4 40. Rc1 c3 41. Ke2 Bb5+ 42. Kf3 Kg6 43. Ke4 Kg5 44. g4 Be5 0-1

[Event "70.ITA Provinciale VE"]
[Site "Mestre Capablanca ITA"]
[Date "2010.01.31"]
[Round "4.9"]
[White "Rossi, Aldo V"]
[Black "Moretto, Gian Franco"]
[Result "1-0"]
[WhiteElo "1458"]
[BlackElo "1460"]
[Annotator "Gabriele Ballarin"]
[PlyCount "117"]
[EventDate "2010.01.29"]
[EventType "swiss"]
[EventRounds "5"]
[EventCountry "ITA"]

1. c4 c5 2. Nf3 Nf6 3. g3 e6 4. Bg2 Be7 5. O-O O-O 6. Nc3 Nc6 7. d4 d5 8. cxd5 exd5 9. b3 cxd4 10. Nxd4 Nxd4 11. Qxd4 Be6 12. Bb2 Qa5 13. e4 Rfd8 14. e5 Bc5 15. Qd3 Ng4 16. Nd1 Qb6 17. Qe2 d4 18. Kh1 d3 19. Qd2 Bd5 20. Bxd5 Rxd5 21. Qf4 Qc6 22. Kg1 Qe6 23. h3 Nxe5 24. Nc3 Ng6 25. Qf3 Rf5 26. Qxd3 Re5 27. Kg2 Rg5 28. Ne2 Ne5 29. Qc3 Qc6+ 30. f3 Re8 31. Rae1 f6 32. Kh2 Ng6 33. f4 Rd5 34. Qc4 Kh8 35. Nd4 Bxd4 36. Rxe8+ Qxe8 37. Bxd4 Ne7 38. Re1 Rd7 39. Bc5 h6 40. Qe4 Rd2+ 41. Re2 Rxe2+ 42. Qxe2 Qg6 43. Bxe7 a6 44. g4 Kh7 45. Bc5 Qf7 46. Qe4+ g6 47. h4 Qc7 48. b4 a5 49. Qe7+ Qxe7 50. Bxe7 axb4 51. Bxb4 Kg7 52. Kg3 Kf7 53. Kf3 Ke6 54. Ke4 h5 55. f5+ gxf5+ 56. gxf5+ Kd7 57. Kd5 b6 58. a4 Kc7 59. Ke6 1-0

[Event "70.ITA Provinciale VE"]
[Site "Mestre Capablanca ITA"]
[Date "2010.01.31"]
[Round "5.7"]
[White "Dei Rossi, Davide"]
[Black "Pomponio, Stefano"]
[Result "1/2-1/2"]
[WhiteElo "1480"]
[BlackElo "1308"]
[Annotator "Gabriele Ballarin"]
[PlyCount "94"]
[EventDate "2010.01.29"]
[EventType "swiss"]
[EventRounds "5"]
[EventCountry "ITA"]

1. d4 Nf6 2. c4 e6 3. Nf3 Bb4+ 4. Bd2 Qe7 5. Qc2 O-O 6. e4 Bxd2+ 7. Nbxd2 b6 8. Be2 Nc6 9. O-O h6 10. Rfe1 d6 11. Rac1 Bb7 12. a3 a5 13. c5 Rad8 14. cxd6 cxd6 15. d5 Ne5 16. Qc7 Nxf3+ 17. Bxf3 Qxc7 18. Rxc7 Ba6 19. dxe6 fxe6 20. Rc6 Rb8 21. Rxd6 Rfd8 22. e5 Rxd6 23. exd6 Kf7 24. Rc1 Rc8 25. Rxc8 Bxc8 26. Nc4 Nd7 27. Bc6 e5 28. Bxd7 Bxd7 29. Nxe5+ Ke6 30. Nc4 b5 31. Nxa5 Kxd6 32. Nb3 Bc6 33. Nd4 Bd7 34. f4 Kd5 35. Nc2 Kc4 36. Na1 Bc6 37. Kf2 Kd3 38. g4 Kd2 39. h4 Bd5 40. g5 hxg5 41. fxg5 Kc1 42. h5 Kxb2 43. h6 gxh6 44. gxh6 Be4 45. Ke3 Bg6 46. Kd4 Kxa1 47. Kc5 Bd3 1/2-1/2

[Event "70.ITA Provinciale VE"]
[Site "Mestre Capablanca ITA"]
[Date "2010.01.31"]
[Round "5.9"]
[White "Greco, Alvise"]
[Black "Bellon, Antonio"]
[Result "0-1"]
[WhiteElo "1407"]
[BlackElo "1446"]
[Annotator "Gabriele Ballarin"]
[PlyCount "120"]
[EventDate "2010.01.29"]
[EventType "swiss"]
[EventRounds "5"]
[EventCountry "ITA"]

1. d4 d5 2. c4 e6 3. Nc3 Nf6 4. Bg5 Be7 5. Nf3 Nbd7 6. e3 c6 7. Qc2 c5 8. cxd5 exd5 9. dxc5 Nxc5 10. O-O-O Be6 11. Bb5+ Kf8 12. h3 a6 13. Be2 Nce4 14. Bh4 Rc8 15. Kb1 Nxc3+ 16. bxc3 Bb4 17. Rc1 Qb6 18. Qb2 Bf5+ 19. Ka1 Ba5 20. Rhd1 Qc6 21. Qa3+ Qc5 22. Qxc5+ Rxc5 23. Bd3 Bxd3 24. Rxd3 Ke7 25. Nd2 Rhc8 26. Bxf6+ Kxf6 27. Nb1 b5 28. a3 b4 29. axb4 Bxb4 30. Kb2 Ke5 31. Rd4 Ba5 32. Rg4 g6 33. f3 Rc4 34. Rg5+ Ke6 35. f4 Re4 36. Rg3 Bb6 37. Re1 f5 38. Rf3 Kf6 39. Ka3 Rce8 40. Rd1 Ke6 41. Nd2 Rxe3 42. Rxe3+ Bxe3 43. Re1 Kd7 44. Nf3 Bxf4 45. Rxe8 Kxe8 46. Kb4 Kd7 47. Ka5 Kd6 48. Ne1 Bd2 49. Nd3 Bxc3+ 50. Kxa6 h5 51. Nf4 g5 52. Nxh5 Ke5 53. Ng3 d4 54. Kb5 f4 55. Ne2 Ke4 56. Kc4 Ke3 57. Nxc3 dxc3 58. Kxc3 Kf2 59. Kd4 Kxg2 60. Ke4 Kxh3 0-1

[Event "70.Camp. Veneto Quarti di Finale"]
[Site "Nevegal ITA"]
[Date "2010.05.07"]
[Round "1.1"]
[White "Genocchio, Daniele"]
[Black "Pisani, Valerio"]
[Result "1-0"]
[WhiteElo "2438"]
[BlackElo "1771"]
[Annotator "Gabriele Ballarin"]
[PlyCount "61"]
[EventDate "2010.05.07"]
[EventType "swiss"]
[EventRounds "5"]
[EventCountry "ITA"]

1. e4 e6 2. d4 d5 3. Nd2 Nf6 4. e5 Nfd7 5. f4 c5 6. c3 Nc6 7. Ndf3 Qb6 8. a3 a5 9. b3 Be7 10. Bb2 Nf8 11. Ne2 Bd7 12. g3 Ng6 13. Bh3 Nd8 14. O-O Bb5 15. Rf2 O-O 16. Rc1 f6 17. exf6 Rxf6 18. c4 dxc4 19. d5 cxb3 20. Nc3 Bd7 21. Ne4 Rf8 22. Nfd2 exd5 23. Bxd7 dxe4 24. Nc4 Qa6 25. a4 Nf7 26. f5 Rad8 27. fxg6 hxg6 28. Qd5 Kh7 29. Rxf7 Rxf7 30. Qxf7 Rxd7 31. Qxg7# 1-0

[Event "70.Camp. Veneto Quarti di Finale"]
[Site "Nevegal ITA"]
[Date "2010.05.07"]
[Round "1.2"]
[White "Bona, Massimiliano"]
[Black "Bontempi, Piero"]
[Result "0-1"]
[WhiteElo "1746"]
[BlackElo "2356"]
[Annotator "Gabriele Ballarin"]
[PlyCount "42"]
[EventDate "2010.05.07"]
[EventType "swiss"]
[EventRounds "5"]
[EventCountry "ITA"]

1. d4 d5 2. c4 Bf5 3. Nf3 e6 4. Nc3 Nc6 5. Bf4 Bb4 6. e3 Nf6 7. a3 Bxc3+ 8. bxc3 O-O 9. Bd3 Na5 10. Bxf5 exf5 11. cxd5 Nxd5 12. Bg3 f4 13. Bxf4 Nxf4 14. exf4 Re8+ 15. Kf1 Qd5 16. Qd3 Nc4 17. Nd2 Nxd2+ 18. Qxd2 Qb5+ 19. Kg1 Re2 20. Qd1 Qb2 21. Rb1 Rae8 0-1

[Event "70.Camp. Veneto Quarti di Finale"]
[Site "Nevegal ITA"]
[Date "2010.05.07"]
[Round "1.3"]
[White "Luciani, Valerio"]
[Black "Bortolotto, Denzio"]
[Result "1-0"]
[WhiteElo "2213"]
[BlackElo "1725"]
[Annotator "Gabriele Ballarin"]
[PlyCount "95"]
[EventDate "2010.05.07"]
[EventType "swiss"]
[EventRounds "5"]
[EventCountry "ITA"]

1. d4 d5 2. c4 c6 3. Nc3 Nf6 4. cxd5 cxd5 5. Bf4 a6 6. e3 e6 7. Bd3 Bd6 8. Bxd6 Qxd6 9. f4 Nc6 10. Nf3 h6 11. O-O b5 12. Rc1 Bb7 13. Ne5 O-O 14. Bb1 Nd7 15. Qh5 f5 16. g4 Nf6 17. Qh4 Ne4 18. Bxe4 dxe4 19. Qh5 Nxe5 20. fxe5 Qd7 21. gxf5 Rxf5 22. Rxf5 exf5 23. Ne2 Bd5 24. b3 Rc8 25. Rxc8+ Qxc8 26. Kf2 Bf7 27. Qh3 Kh7 28. Ke1 g6 29. Kd2 b4 30. Qf1 g5 31. Qa1 Qc6 32. Qb2 Bh5 33. Ng3 Bg4 34. Qc2 Qb5 35. Qc7+ Kh8 36. Qc4 Qa5 37. Qc2 Qb5 38. Kc1 Qd7 39. Qc4 f4 40. Nxe4 Be6 41. Qc5 fxe3 42. Qf8+ Bg8 43. Qxg8+ Kxg8 44. Nf6+ Kf7 45. Nxd7 Ke6 46. Nf6 Kf5 47. Kd1 Kf4 48. e6 1-0

[Event "70.Camp. Veneto Quarti di Finale"]
[Site "Nevegal ITA"]
[Date "2010.05.07"]
[Round "1.4"]
[White "Di Giulio, Michele"]
[Black "Xia, Jie"]
[Result "0-1"]
[WhiteElo "1678"]
[BlackElo "2198"]
[Annotator "Gabriele Ballarin"]
[PlyCount "38"]
[EventDate "2010.05.07"]
[EventType "swiss"]
[EventRounds "5"]
[EventCountry "ITA"]

1. d4 Nf6 2. c4 g6 3. Nc3 Bg7 4. e3 O-O 5. Nf3 d6 6. Be2 Nbd7 7. O-O e5 8. dxe5 dxe5 9. e4 c6 10. b3 Qe7 11. Bb2 Nc5 12. Qc2 Nh5 13. Rfd1 Nf4 14. Bc1 Bg4 15. Be3 Nce6 16. h3 Bxf3 17. Bxf3 Nd4 18. Qd2 Nxf3+ 19. gxf3 Qg5+ 0-1

[Event "70.Camp. Veneto Quarti di Finale"]
[Site "Nevegal ITA"]
[Date "2010.05.07"]
[Round "1.5"]
[White "Vianello, Enrico"]
[Black "Basso, Pier Luigi"]
[Result "1-0"]
[WhiteElo "2188"]
[BlackElo "1666"]
[Annotator "Gabriele Ballarin"]
[PlyCount "192"]
[EventDate "2010.05.07"]
[EventType "swiss"]
[EventRounds "5"]
[EventCountry "ITA"]

1. Nf3 d5 2. d4 Nf6 3. c4 e6 4. Nc3 c5 5. cxd5 exd5 6. g3 b6 7. Bg2 Bb7 8. O-O Be7 9. h3 O-O 10. Be3 Na6 11. Rc1 Rc8 12. Ne5 Re8 13. Nb5 cxd4 14. Bxd4 Rxc1 15. Qxc1 Qb8 16. Nd3 Ne4 17. Qf4 Qxf4 18. Nxf4 Nac5 19. b4 Na4 20. Rd1 Bxb4 21. Nc7 Rd8 22. Ncxd5 Bxd5 {=} 23. Nxd5 Rxd5 24. Bxe4 Rd8 25. Bd3 g6 26. Bf6 Rd7 27. Rc1 Nc5 28. Rc4 a5 29. Rc2 Rd6 30. Be7 Re6 31. Bxc5 Bxc5 32. Kg2 Kf8 33. g4 Ke7 34. h4 Kf6 35. a4 Re7 36. Bb5 Re4 37. Kf3 Ke5 38. e3 Rb4 39. Rd2 Bd6 40. Kg3 Ke6+ 41. f4 h6 42. Kf3 Rb1 43. Bc4+ Ke7 44. f5 gxf5 45. gxf5 f6 46. Rg2 Rb4 47. Be6 Rxh4 48. Rg7+ Ke8 49. Rh7 Be7 50. e4 Bc5 51. e5 fxe5 52. Kg3 Rh1 53. Bc4 Be7 54. Bb5+ Kf8 55. Bc4 Rh5 56. Be6 Rg5+ 57. Kf3 h5 58. f6 Bxf6 59. Rf7+ Ke8 60. Rxf6 b5 61. axb5 e4+ 62. Kxe4 Rxb5 63. Bc4 Rg5 64. Bd5 Ke7 65. Ra6 a4 66. Bc4 Rg4+ 67. Kd5 Rg5+ 68. Kd4 h4 69. Rxa4 h3 70. Ra7+ Kf6 71. Rh7 Rg3 72. Bf1 Kg6 73. Rh8 Kg5 74. Bxh3 Ra3 75. Be6 Ra4+ 76. Ke5 Ra5+ 77. Bd5 Ra6 78. Rg8+ Rg6 79. Rf8 Kh6 80. Be4 Kg7 81. Ra8 Rf6 82. Bf5 Rf7 83. Ra1 Rb7 84. Be6 Rb5+ 85. Bd5 Rb6 86. Ra7+ Kg6 87. Be4+ Kg5 88. Rg7+ Kh6 89. Rg8 Ra6 90. Kf4 Rb6 91. Bd3 Rc6 92. Bf5 Rb6 93. Ke5 Rb5+ 94. Kf6 Rb6+ 95. Be6 Rb7 96. Rh8+ Rh7 {Nur} 1-0

[Event "70.Camp. Veneto Quarti di Finale"]
[Site "Nevegal ITA"]
[Date "2010.05.07"]
[Round "1.6"]
[White "Soppelsa, Maurizio"]
[Black "Rotoni, Matteo"]
[Result "0-1"]
[WhiteElo "1617"]
[BlackElo "2142"]
[Annotator "Gabriele Ballarin"]
[PlyCount "122"]
[EventDate "2010.05.07"]
[EventType "swiss"]
[EventRounds "5"]
[EventCountry "ITA"]

1. Nf3 d5 2. d4 Nc6 3. e3 Bg4 4. Be2 e6 5. Nbd2 Nf6 6. Ne5 Bxe2 7. Qxe2 Nxe5 8. dxe5 Nd7 9. f4 Be7 10. Nb3 O-O 11. O-O c5 12. c4 f6 13. Qg4 Qb6 14. cxd5 fxe5 15. Qxe6+ Qxe6 16. dxe6 Nf6 17. f5 Rad8 18. e4 Nxe4 19. Re1 Nf6 20. Bg5 Rd5 21. Rad1 Rfd8 22. Rxd5 Rxd5 23. Kf1 Kf8 24. Ke2 b6 25. Rd1 Rxd1 26. Kxd1 Ne4 27. Bxe7+ Kxe7 28. Ke2 Nd6 29. g4 g6 30. fxg6 hxg6 31. Nd2 Kxe6 32. h4 Kf6 33. Ke3 Ke6 34. b3 Kd5 35. Nc4 Nf7 36. a3 b5 37. Nd2 Nd6 38. h5 gxh5 39. gxh5 c4 40. bxc4+ bxc4 41. Nb1 Ke6 42. Nc3 Kf5 43. a4 Kg5 44. a5 Kxh5 45. Nd5 Kg5 46. Ne7 Kf6 47. Nc6 Nb5 48. Nb4 Ke6 49. Nc2 Nd6 50. Na3 Kd5 51. a6 Kc5 52. Nc2 Kb5 53. Na3+ Kb4 54. Nb1 c3 55. Kd3 e4+ 56. Kc2 Nb5 57. Nxc3 Nxc3 58. Kd2 Kc4 59. Ke3 Kd5 60. Kd2 Kd4 61. Ke1 Kd3 0-1

[Event "70.Camp. Veneto Quarti di Finale"]
[Site "Nevegal ITA"]
[Date "2010.05.07"]
[Round "1.7"]
[White "Pastres, Roberto"]
[Black "Dal Bianco, Nicola"]
[Result "1-0"]
[WhiteElo "2128"]
[BlackElo "1582"]
[Annotator "Gabriele Ballarin"]
[PlyCount "103"]
[EventDate "2010.05.07"]
[EventType "swiss"]
[EventRounds "5"]
[EventCountry "ITA"]

{[%evp 0,99,27,24,27,12,29,49,39,28,28,34,20,15,8,8,113,72,61,50,68,59,49,8,39,133,144,115,144,136,173,145,136,75,90,90,93,95,113,102,98,87,97,113,103,64,39,45,109,59,95,68,145,156,122,122,205,122,129,61,59,59,88,24,88,44,105,44,119,119,187,352,388,359,359,432,449,526,605,630,630,672,817,870,870,422,422,433,519,475,750,901,936,1043,29989,29990,29991,1254,1279,1279,1279,1320]} 1. d4 Nf6 2. e3 b6 3. Bd3 Bb7 4. Nf3 e6 5. O-O Be7 6. Qe2 O-O 7. e4 g6 8. c4 d6 9. Nc3 Nbd7 10. Re1 c5 11. e5 dxe5 12. dxe5 Nh5 13. Bh6 Ng7 14. Rad1 a6 15. Be4 Qc7 16. Bg5 Bxg5 17. Nxg5 Rad8 18. f4 Bxe4 19. Ncxe4 Nf5 20. Nf3 Nb8 21. Nf6+ Kg7 22. Ng5 h6 23. Nge4 Nc6 24. Qf2 Rd4 25. g4 Rfd8 26. Rc1 Nfe7 27. Rc3 Nb4 28. Rh3 Rh8 29. Qe2 Nxa2 30. Rf1 Qc6 31. Nd6 Nc8 32. Nfe4 Ne7 33. Ng3 Nb4 34. f5 exf5 35. gxf5 gxf5 36. Ngxf5+ Nxf5 37. Nxf5+ Kf8 38. Nxd4 Rg8+ 39. Rg3 Rxg3+ 40. hxg3 cxd4 41. e6 Qc5 42. Rxf7+ Ke8 43. Kh2 Nc6 44. Qg4 Ne7 45. Qf3 Kd8 46. Qa8+ Nc8 47. Qf3 Ne7 48. Qa8+ Nc8 49. Qb7 Qh5+ 50. Kg2 Qe2+ 51. Rf2 Qxe6 52. Rf8+ 1-0